Zvesti Kysuckého Nového Mesta

Bibliographic Details
Format: Journal
Language:Slovak
PhysicalDescription:zv. 30 cm
Published: Kysucké Nové Mesto Mestský úrad 1994-
Kysucké Nové Mesto Mesto Kysucké Nové Mesto
ISSN:1337-7949
Subjects:
Online Access:https://www.kysuckenovemesto.sk/zvesti-knm-0.html

MARC

LEADER 00000cas a2200000Ia 4500
001 vtls008702920
003 SK-MaSNL
005 20260228160210.0
008 060523c19949999xo mr|p 0 b0slo
022 |a 1337-7949 
035 |a (SVKBB03)vtls000047874 
040 |a SNK  |b slo  |c SNK  |d SVKBB  |e AACR2 
041 0 |a slo 
043 |a e-xo---- 
044 |a xo  |c SK 
072 7 |a 35  |x Verejná správa  |2 konspekt 
072 7 |a 316  |x Sociológia  |2 konspekt 
080 |a (437.641)  |2 2011 
080 |a 050  |2 2011 
080 |a 35  |2 2011 
080 |a 316.728  |2 2001 
080 |a (051)+(054)(437.6)  |2 2011 
080 |a 352  |2 2011 
210 0 |a Zvesti Kysuc. Nového Mesta 
222 0 |a Zvesti Kysuckého Nového Mesta 
245 0 0 |a Zvesti Kysuckého Nového Mesta 
260 |a Kysucké Nové Mesto  |b Mestský úrad  |c 1994- 
260 3 |3 1996-  |a Kysucké Nové Mesto  |b Mesto Kysucké Nové Mesto 
300 |a zv.  |c 30 cm 
310 |a 1x mesačne 
362 0 |a Č. 1 (január 1994)- 
500 |a Red. sa menia 
500 |a Evidenč. č.: EV 3037/09 
500 |a Podnázov v tiráži: regionálny mesačník 
650 0 7 |a verejná správa  |2 SNKPH  |9 1538 
650 0 7 |a spoločenský život  |2 SNKPH  |9 28654 
651 7 |a Kysucké Nové Mesto (Slovensko)  |2 SNKPH  |9 39632 
655 7 |a regionálne periodiká  |2 SNKPH  |9 131775 
655 7 |a miestne periodiká  |2 SNKPH  |9 160938 
856 4 1 |u https://www.kysuckenovemesto.sk/zvesti-knm-0.html 
910 |a snk 
910 |a svkbb 
916 |a 1994-2014, 2015-2018, 2019-2020 
999 |c 1879  |d 3809 
952 |0 0  |1 0  |4 0  |7 0  |8 0  |a SNK  |b SNK  |d 2023-05-16  |i snk2023/7745  |l 0  |o snkČSB 4614/29/2022  |p 17A1520339  |r 2026-02-21 19:47:11  |t č. 1-12  |w 2026-02-21  |y PREZ 
952 |0 0  |1 0  |4 0  |7 0  |8 0  |a SNK  |b SNK  |d 2025-03-04  |i snk2025/3806  |l 0  |o snkČSB 4614/30/2023  |p 17A1525619  |r 2026-02-21 19:49:20  |t č. 1-12  |w 2026-02-21  |y PREZ 
952 |0 0  |1 0  |4 0  |7 0  |8 0  |a SNK  |b SNK  |d 2025-03-04  |i snk2025/3808  |l 0  |o snkČSB 4614/31/2024  |p 17A1525620  |r 2026-02-21 19:49:20  |t č. 1-12  |w 2026-02-21  |y PREZ 
952 |0 0  |1 0  |4 0  |7 0  |8 0  |a SNK  |b SNK  |d 2021-06-14  |f 1  |i snk2021/6891  |l 0  |o snkČSB 4614/26/2019  |p 17A1434443  |r 2026-02-21 19:53:20  |t č. 1-12  |w 2026-02-21  |y PREZ 
952 |0 0  |1 0  |4 0  |7 0  |8 0  |a SNK  |b SNK  |d 2021-06-14  |f 1  |i snk2021/6895  |l 0  |o snkČSB 4614/27/2020  |p 17A1434444  |r 2026-02-21 19:53:20  |t č. 1-12  |w 2026-02-21  |y PREZ 
952 |0 0  |1 0  |4 0  |7 0  |8 0  |a SNK  |b SNK  |d 2022-12-14  |i snk2022/18912  |l 0  |o snkČSB 4614/28/2021  |p 17A1465160  |r 2026-02-21 20:11:56  |t č. 1-12  |w 2026-02-21  |y PREZ 
952 |0 0  |1 0  |4 0  |7 0  |8 0  |a SNK  |b SNK  |d 2015-11-25  |f 1  |i snk2015/31898  |l 0  |o snkČSB 4614/11/2004  |p 17A1097368  |r 2026-02-21 20:13:19  |t č. 1-12  |w 2026-02-21  |y PREZ 
952 |0 0  |1 0  |4 0  |7 0  |8 0  |a SNK  |b SNK  |d 2015-11-25  |f 1  |i snk2015/31921  |l 0  |o snkČSB 4614/15/2008  |p 17A1097372  |r 2026-02-21 20:13:20  |t č. 1-12  |w 2026-02-21  |y PREZ 
952 |0 0  |1 0  |4 0  |7 0  |8 0  |a SNK  |b SNK  |d 2015-11-25  |i snk2004/2478  |l 0  |o snkČSB 4614/6/1999 D1  |p 17A1077494  |r 2026-02-21 21:46:39  |t č. 1-12  |w 2026-02-21  |y PREZ 
952 |0 0  |1 0  |4 0  |7 0  |a SNK  |b SNK  |d 2015-11-25  |i snkČSP 2004/2480  |l 0  |o snkČSB 4614/7/2000 D1  |p 17A1077504  |r 2026-02-21 21:46:40  |t č. 1-12  |w 2026-02-21  |y PREZ 
952 |0 0  |1 0  |4 0  |7 0  |8 0  |a SNK  |b SNK  |d 2015-11-25  |f 1  |i snk2015/31903  |l 0  |o snkČSB 4614/12/2005  |p 17A1097369  |r 2026-02-21 21:46:42  |t č. 1-12  |w 2026-02-21  |y PREZ 
952 |0 0  |1 0  |4 0  |7 0  |8 0  |a SNK  |b SNK  |d 2015-11-25  |f 1  |i snk2015/31906  |l 0  |o snkČSB 4614/13/2006  |p 17A1097370  |r 2026-02-21 21:46:42  |t č. 1-12  |w 2026-02-21  |y PREZ 
952 |0 0  |1 0  |4 0  |7 0  |8 0  |a SNK  |b SNK  |d 2015-11-25  |f 1  |i snk2015/31910  |l 0  |o snkČSB 4614/14/2007  |p 17A1097371  |r 2026-02-21 21:46:42  |t č. 1-12  |w 2026-02-21  |y PREZ  |z Chyba v číslovaní: uvedené 2x č. 1, č. 2 neuvedené 
952 |0 0  |1 0  |4 0  |7 0  |8 0  |a SNK  |b SNK  |d 2015-11-25  |f 1  |i snk2015/31926  |l 0  |o snkČSB 4614/16/2009  |p 17A1097373  |r 2026-02-21 21:46:42  |t č. 1-12  |w 2026-02-21  |y PREZ 
952 |0 0  |1 0  |4 0  |7 0  |8 0  |a SNK  |b SNK  |d 2015-11-25  |f 1  |i snk2015/31928  |l 0  |o snkČSB 4614/17/2010  |p 17A1097374  |r 2026-02-21 21:46:42  |t č. 1-12  |w 2026-02-21  |y PREZ 
952 |0 0  |1 0  |4 0  |7 0  |8 0  |a SNK  |b SNK  |d 2015-11-26  |f 1  |i snk2015/31959  |l 0  |o snkČSB 4614/18/2011  |p 17A1097375  |r 2026-02-21 21:46:42  |t č. 1-12  |w 2026-02-21  |y PREZ 
952 |0 0  |1 0  |4 0  |7 0  |8 0  |a SNK  |b SNK  |d 2015-11-26  |f 1  |i snk2015/31960  |l 0  |o snkČSB 4614/19/2012  |p 17A1097376  |r 2026-02-21 21:46:42  |t č. 1-12  |w 2026-02-21  |y PREZ 
952 |0 0  |1 0  |4 0  |7 0  |8 0  |a SNK  |b SNK  |d 2015-11-26  |f 1  |i snk2015/31961  |l 0  |o snkČSB 4614/20/2013  |p 17A1097377  |r 2026-02-21 21:46:43  |t č. 1-12  |w 2026-02-21  |y PREZ 
952 |0 0  |1 0  |4 0  |7 0  |8 0  |a SNK  |b SNK  |d 2015-11-26  |f 1  |i snk2015/31965  |l 0  |o snkČSB 4614/21/2014  |p 17A1097378  |r 2026-02-21 21:46:43  |t č. 1-12  |w 2026-02-21  |y PREZ 
952 |0 0  |1 0  |4 0  |7 0  |a SNK  |b SNK  |d 2015-11-26  |f 1  |i snkČSP 29/97  |l 0  |o snkČSB 4614/1994  |p 17A0801844  |r 2026-02-21 21:46:43  |t č. 1-12  |w 2026-02-21  |y PREZ 
952 |0 0  |1 0  |4 0  |7 0  |a SNK  |b SNK  |d 2015-11-26  |f 1  |i snkČSP 31/97  |l 0  |o snkČSB 4614/2/1995  |p 17A0801825  |r 2026-02-21 21:46:43  |t č. 1-12  |w 2026-02-21  |y PREZ 
952 |0 0  |1 0  |4 0  |7 0  |a SNK  |b SNK  |d 2015-11-26  |f 1  |i snkČSP 3188/99  |l 0  |o snkČSB 4614/3/1996  |p 17A0801843  |r 2026-02-21 21:46:43  |t č. 1-12  |w 2026-02-21  |y PREZ 
952 |0 0  |1 0  |4 0  |7 0  |a SNK  |b SNK  |d 2015-11-26  |f 1  |i snkČSP 3186/99  |l 0  |o snkČSB 4614/4/1997  |p 17A0801827  |r 2026-02-21 21:46:43  |t č. 1-12  |w 2026-02-21  |y PREZ 
952 |0 0  |1 0  |4 0  |7 0  |a SNK  |b SNK  |d 2015-11-26  |f 1  |i snkČSP 3184/99  |l 0  |o snkČSB 4614/5/1998  |p 17A0801831  |r 2026-02-21 21:46:43  |t č. 1-12  |w 2026-02-21  |y PREZ 
952 |0 0  |1 0  |4 0  |7 0  |a SNK  |b SNK  |d 2015-11-26  |f 1  |i snkČSP 2477/2004  |l 0  |o snkČSB 4614/6/1999  |p 17A0856284  |r 2026-02-21 21:46:43  |t č. 1-12  |w 2026-02-21  |y PREZ 
952 |0 0  |1 0  |4 0  |7 0  |a SNK  |b SNK  |d 2015-11-26  |f 1  |i snkČSP 2479/2004  |l 0  |o snkČSB 4614/7/2000  |p 17A0856299  |r 2026-02-21 21:46:45  |t č. 1-12  |w 2026-02-21  |y PREZ 
952 |0 0  |1 0  |4 0  |7 0  |a SNK  |b SNK  |d 2015-11-26  |f 1  |i snkČSP 2473/2004  |l 0  |o snkČSB 4614/8/2001  |p 17A0961341  |r 2026-02-21 21:46:45  |t č. 1-12  |w 2026-02-21  |y PREZ 
952 |0 0  |1 0  |4 0  |7 0  |a SNK  |b SNK  |d 2015-11-26  |f 1  |i snkČSP 2475/2004  |l 0  |o snkČSB 4614/9/2002  |p 17A0961422  |r 2026-02-21 21:46:45  |t č. 1-12  |w 2026-02-21  |y PREZ 
952 |0 0  |1 0  |4 0  |7 0  |a SNK  |b SNK  |d 2015-11-26  |f 1  |i snkČSP 2481/2004  |l 0  |o snkČSB 4614/10/2003  |p 17A0961347  |r 2026-02-21 21:46:46  |t č. 1-12  |w 2026-02-21  |y PREZ 
952 |0 0  |1 0  |4 0  |7 0  |8 0  |a SNK  |b SNK  |d 2019-01-11  |f 1  |i snk2019/939  |l 0  |o snkČSB 4614/22/2015  |p 17A1342181  |r 2026-02-21 22:20:46  |t č. 1-12  |w 2026-02-21  |y PREZ 
952 |0 0  |1 0  |4 0  |7 0  |8 0  |a SNK  |b SNK  |d 2019-01-11  |f 1  |i snk2019/942  |l 0  |o snkČSB 4614/23/2016  |p 17A1342182  |r 2026-02-21 22:20:46  |t č. 1-12  |w 2026-02-21  |y PREZ 
952 |0 0  |1 0  |4 0  |7 0  |8 0  |a SNK  |b SNK  |d 2019-01-11  |f 1  |i snk2019/944  |l 0  |o snkČSB 4614/24/2017  |p 17A1342183  |r 2026-02-21 22:20:46  |t č. 1-12  |w 2026-02-21  |y PREZ 
952 |0 0  |1 0  |4 0  |7 0  |8 0  |a SNK  |b SNK  |d 2019-01-11  |f 1  |i snk2019/945  |l 0  |o snkČSB 4614/25/2018  |p 17A1342184  |r 2026-02-21 22:20:46  |t č. 1-12  |w 2026-02-21  |y PREZ